<?xml version="1.0" encoding="UTF-8"?>
<record
    xmlns:xsi="http://www.w3.org/2001/XMLSchema-instance"
    xsi:schemaLocation="http://www.loc.gov/MARC21/slim http://www.loc.gov/standards/marcxml/schema/MARC21slim.xsd"
    xmlns="http://www.loc.gov/MARC21/slim">

  <leader>02020cam a2200517 a 4500</leader>
  <controlfield tag="001">12684950</controlfield>
  <controlfield tag="003">LC </controlfield>
  <controlfield tag="005">20231212125030.0</controlfield>
  <controlfield tag="008">020214s2002    nyu    c      000 1 eng  </controlfield>
  <datafield tag="010" ind1=" " ind2=" ">
    <subfield code="a">  2002022338</subfield>
  </datafield>
  <datafield tag="020" ind1=" " ind2=" ">
    <subfield code="a">9780060535032</subfield>
  </datafield>
  <datafield tag="035" ind1=" " ind2=" ">
    <subfield code="a">(DLC)  2002022338</subfield>
  </datafield>
  <datafield tag="035" ind1=" " ind2=" ">
    <subfield code="a">(DLC)871</subfield>
  </datafield>
  <datafield tag="040" ind1=" " ind2=" ">
    <subfield code="a">DLC</subfield>
    <subfield code="c">DLC</subfield>
    <subfield code="d">DLC</subfield>
  </datafield>
  <datafield tag="041" ind1="1" ind2=" ">
    <subfield code="a">eng</subfield>
    <subfield code="h">spa</subfield>
  </datafield>
  <datafield tag="042" ind1=" " ind2=" ">
    <subfield code="a">lcac</subfield>
  </datafield>
  <datafield tag="050" ind1="0" ind2="0">
    <subfield code="a">PZ 7</subfield>
    <subfield code="b">.Al43912 2002</subfield>
  </datafield>
  <datafield tag="082" ind1="0" ind2="0">
    <subfield code="a">FIC </subfield>
    <subfield code="b">Al5c 2002</subfield>
  </datafield>
  <datafield tag="100" ind1="1" ind2=" ">
    <subfield code="a">Allende, Isabel.</subfield>
    <subfield code="9">13009</subfield>
  </datafield>
  <datafield tag="240" ind1="1" ind2="0">
    <subfield code="l">English</subfield>
  </datafield>
  <datafield tag="245" ind1="1" ind2="0">
    <subfield code="a">City of the beasts /</subfield>
    <subfield code="c">by Isabel Allende ; translated from the Spanish by Margaret Sayers Peden.</subfield>
  </datafield>
  <datafield tag="260" ind1=" " ind2=" ">
    <subfield code="a">New York :</subfield>
    <subfield code="b">HarperCollins,</subfield>
    <subfield code="c">c2002.</subfield>
  </datafield>
  <datafield tag="300" ind1=" " ind2=" ">
    <subfield code="a">406 p. ;</subfield>
    <subfield code="c">22 cm.</subfield>
  </datafield>
  <datafield tag="500" ind1=" " ind2=" ">
    <subfield code="a">Book Replacement: The sun is also a star</subfield>
  </datafield>
  <datafield tag="520" ind1=" " ind2=" ">
    <subfield code="a">When fifteen-year-old Alexander Cold accompanies his individualistic grandmother on an expedition to find a humanoid Beast in the Amazon, he experiences ancient wonders and a supernatural world as he tries to avert disaster for the Indians.</subfield>
  </datafield>
  <datafield tag="546" ind1=" " ind2=" ">
    <subfield code="a">In Spanish translation [ available on-line]</subfield>
  </datafield>
  <datafield tag="650" ind1=" " ind2="1">
    <subfield code="a">Adventure and adventurers</subfield>
    <subfield code="v">Fiction.</subfield>
    <subfield code="9">17191</subfield>
  </datafield>
  <datafield tag="650" ind1=" " ind2="1">
    <subfield code="a">Supernatural</subfield>
    <subfield code="v">Fiction.</subfield>
    <subfield code="9">17192</subfield>
  </datafield>
  <datafield tag="650" ind1=" " ind2="1">
    <subfield code="a">Indians of South America</subfield>
    <subfield code="z">Amazon River Valley</subfield>
    <subfield code="v">Fiction.</subfield>
    <subfield code="9">17193</subfield>
  </datafield>
  <datafield tag="650" ind1=" " ind2="1">
    <subfield code="a">Grandmothers</subfield>
    <subfield code="v">Fiction.</subfield>
    <subfield code="9">17194</subfield>
  </datafield>
  <datafield tag="651" ind1=" " ind2="1">
    <subfield code="a">Amazon River Valley</subfield>
    <subfield code="v">Fiction.</subfield>
    <subfield code="9">17195</subfield>
  </datafield>
  <datafield tag="700" ind1="1" ind2=" ">
    <subfield code="a">Peden, Margaret Sayers.</subfield>
    <subfield code="9">17196</subfield>
  </datafield>
  <datafield tag="856" ind1="4" ind2="2">
    <subfield code="3">Publisher description</subfield>
    <subfield code="u">http://www.loc.gov/catdir/description/hc042/2002022338.html</subfield>
  </datafield>
  <datafield tag="856" ind1="4" ind2="2">
    <subfield code="3">Contributor biographical information</subfield>
    <subfield code="u">http://www.loc.gov/catdir/enhancements/fy0911/2002022338-b.html</subfield>
  </datafield>
  <datafield tag="906" ind1=" " ind2=" ">
    <subfield code="a">7</subfield>
    <subfield code="b">cbc</subfield>
    <subfield code="c">orignew</subfield>
    <subfield code="d">1</subfield>
    <subfield code="e">ocip</subfield>
    <subfield code="f">20</subfield>
    <subfield code="g">y-gencatlg</subfield>
  </datafield>
  <datafield tag="942" ind1=" " ind2=" ">
    <subfield code="2">lcc</subfield>
    <subfield code="c">BK</subfield>
  </datafield>
  <datafield tag="999" ind1=" " ind2=" ">
    <subfield code="c">583</subfield>
    <subfield code="d">583</subfield>
  </datafield>
  <datafield tag="952" ind1=" " ind2=" ">
    <subfield code="0">0</subfield>
    <subfield code="1">0</subfield>
    <subfield code="2">lcc</subfield>
    <subfield code="4">0</subfield>
    <subfield code="a">LUX</subfield>
    <subfield code="b">LUX</subfield>
    <subfield code="c">FIC</subfield>
    <subfield code="d">2013-09-09</subfield>
    <subfield code="e">DONATION</subfield>
    <subfield code="l">6</subfield>
    <subfield code="m">5</subfield>
    <subfield code="o">PZ 7 .Al43912Ci 2002</subfield>
    <subfield code="p">17768</subfield>
    <subfield code="r">2023-03-03 00:00:00</subfield>
    <subfield code="s">2023-02-22</subfield>
    <subfield code="t">1</subfield>
    <subfield code="w">2013-10-03</subfield>
    <subfield code="y">BK</subfield>
  </datafield>
  <datafield tag="952" ind1=" " ind2=" ">
    <subfield code="0">0</subfield>
    <subfield code="1">0</subfield>
    <subfield code="2">lcc</subfield>
    <subfield code="4">0</subfield>
    <subfield code="a">LUX</subfield>
    <subfield code="b">LUX</subfield>
    <subfield code="c">FIC</subfield>
    <subfield code="d">2013-09-09</subfield>
    <subfield code="l">6</subfield>
    <subfield code="m">7</subfield>
    <subfield code="o">PZ 7 .Al43912Ci 2002</subfield>
    <subfield code="p">18973</subfield>
    <subfield code="r">2025-05-05 00:00:00</subfield>
    <subfield code="s">2020-03-03</subfield>
    <subfield code="t">2</subfield>
    <subfield code="w">2013-09-09</subfield>
    <subfield code="y">BK</subfield>
  </datafield>
  <datafield tag="952" ind1=" " ind2=" ">
    <subfield code="0">0</subfield>
    <subfield code="1">0</subfield>
    <subfield code="2">lcc</subfield>
    <subfield code="4">0</subfield>
    <subfield code="a">LUX</subfield>
    <subfield code="b">LUX</subfield>
    <subfield code="c">FIC</subfield>
    <subfield code="d">2013-09-09</subfield>
    <subfield code="l">5</subfield>
    <subfield code="m">12</subfield>
    <subfield code="o">PZ 7 .Al43912Ci 2002</subfield>
    <subfield code="p">18977</subfield>
    <subfield code="r">2023-03-02 00:00:00</subfield>
    <subfield code="s">2023-02-22</subfield>
    <subfield code="t">3</subfield>
    <subfield code="w">2013-09-09</subfield>
    <subfield code="y">BK</subfield>
  </datafield>
  <datafield tag="952" ind1=" " ind2=" ">
    <subfield code="0">0</subfield>
    <subfield code="1">0</subfield>
    <subfield code="2">lcc</subfield>
    <subfield code="4">0</subfield>
    <subfield code="a">LUX</subfield>
    <subfield code="b">LUX</subfield>
    <subfield code="c">FIC</subfield>
    <subfield code="d">2013-09-09</subfield>
    <subfield code="l">5</subfield>
    <subfield code="o">PZ 7 .Al43912Ci 2002</subfield>
    <subfield code="p">18976</subfield>
    <subfield code="r">2023-03-15 00:00:00</subfield>
    <subfield code="s">2023-02-22</subfield>
    <subfield code="t">5</subfield>
    <subfield code="w">2013-09-09</subfield>
    <subfield code="y">BK</subfield>
  </datafield>
  <datafield tag="952" ind1=" " ind2=" ">
    <subfield code="0">0</subfield>
    <subfield code="1">0</subfield>
    <subfield code="2">lcc</subfield>
    <subfield code="4">0</subfield>
    <subfield code="a">LUX</subfield>
    <subfield code="b">LUX</subfield>
    <subfield code="c">FIC</subfield>
    <subfield code="d">2013-09-09</subfield>
    <subfield code="l">7</subfield>
    <subfield code="m">1</subfield>
    <subfield code="o">PZ 7 .Al43912Ci 2002</subfield>
    <subfield code="p">18974</subfield>
    <subfield code="r">2023-03-02 00:00:00</subfield>
    <subfield code="s">2023-02-22</subfield>
    <subfield code="t">6</subfield>
    <subfield code="w">2013-09-09</subfield>
    <subfield code="y">BK</subfield>
  </datafield>
  <datafield tag="952" ind1=" " ind2=" ">
    <subfield code="0">0</subfield>
    <subfield code="1">0</subfield>
    <subfield code="2">lcc</subfield>
    <subfield code="4">0</subfield>
    <subfield code="a">LUX</subfield>
    <subfield code="b">LUX</subfield>
    <subfield code="c">FIC</subfield>
    <subfield code="d">2013-09-09</subfield>
    <subfield code="l">5</subfield>
    <subfield code="m">10</subfield>
    <subfield code="o">PZ 7 .Al43912Ci 2002</subfield>
    <subfield code="p">18975</subfield>
    <subfield code="q">2020-05-16</subfield>
    <subfield code="r">2020-02-18 00:00:00</subfield>
    <subfield code="s">2020-02-18</subfield>
    <subfield code="t">7</subfield>
    <subfield code="w">2013-09-09</subfield>
    <subfield code="y">BK</subfield>
  </datafield>
  <datafield tag="952" ind1=" " ind2=" ">
    <subfield code="0">0</subfield>
    <subfield code="1">0</subfield>
    <subfield code="2">lcc</subfield>
    <subfield code="4">0</subfield>
    <subfield code="a">LUX</subfield>
    <subfield code="b">LUX</subfield>
    <subfield code="c">FIC</subfield>
    <subfield code="d">2013-09-09</subfield>
    <subfield code="l">7</subfield>
    <subfield code="m">4</subfield>
    <subfield code="o">PZ 7 .Al43912Ci 2002</subfield>
    <subfield code="p">18445</subfield>
    <subfield code="r">2023-03-21 00:00:00</subfield>
    <subfield code="s">2023-02-28</subfield>
    <subfield code="t">8</subfield>
    <subfield code="w">2013-09-09</subfield>
    <subfield code="y">BK</subfield>
  </datafield>
  <datafield tag="952" ind1=" " ind2=" ">
    <subfield code="0">0</subfield>
    <subfield code="1">0</subfield>
    <subfield code="2">lcc</subfield>
    <subfield code="4">0</subfield>
    <subfield code="a">LUX</subfield>
    <subfield code="b">LUX</subfield>
    <subfield code="c">FIC</subfield>
    <subfield code="d">2013-09-10</subfield>
    <subfield code="l">2</subfield>
    <subfield code="o">PZ 7 .Al43912Ci 2002</subfield>
    <subfield code="p">15658</subfield>
    <subfield code="r">2020-02-29 00:00:00</subfield>
    <subfield code="s">2020-02-14</subfield>
    <subfield code="t">1</subfield>
    <subfield code="w">2013-09-10</subfield>
    <subfield code="y">BK</subfield>
  </datafield>
</record>
